000 00215nam a2200097Ia 4500
008 190216s9999||||xx |||||||||||||| ||und||
100 _aReputed Others
245 0 _aPocket Transilation
260 _bNull
942 _cBK
999 _c11715
_d11715